| 000 | 00521nam a22001697a 4500 | ||
|---|---|---|---|
| 999 |
_c8762 _d8762 |
||
| 008 | 201214b ||||| |||| 00| 0 eng d | ||
| 040 | _aBMS College of Archtiecture | ||
| 100 | _aUdani, Urvi | ||
| 245 | _aHalfway house - a psychiatric facility | ||
| 300 | _a39p. | ||
| 500 | _a1BM11AT078 | ||
| 502 |
_8B,Arch _NBMS College of Architecture, Visvesvaraya Technological University (VTU) _aProject report _d2015 |
||
| 650 | _aHouse | ||
| 700 |
_aYogeshwari K _eGuide |
||
| 700 |
_aPrathima reddy _eGuide |
||
| 942 |
_2ddc _cTHE |
||